000 01273nam a2200337 a 4500
001 000113227
003 CHAP
005 20220329144344.0
008 170519s2017 mx a fsm |||||||spa d
010 _a109688
011 _a110660
040 _cCHAP
090 _aTesis
100 1 _aJiménez Antonio, Sonia
_9126813
245 1 0 _aEstimación del potencial de captura de carbono del bosque de la Estación Forestal Experimental Zoquiapan /
_h[En línea]
_cpor Sonia Jiménez Antonio.
260 _aChapingo, Méx. :
_bEl autor,
_c2017.
500 _aPara ver el contenido del material haga clic en la liga
502 _aTesis (Maestro en Ciencias Forestales) -- UACH. Coordinación General de Estudios de posgrado
590 _aE8697GMM
_b05
_c20170519
_lUCH01
_h0908
590 _aE8697GMM
_b05
_c20170519
_lUCH01
_h0924
590 _aE8697GMM
_b05
_c20170522
_lUCH01
_h0944
590 _aE8697GMM
_b05
_c20170522
_lUCH01
_h1346
650 1 4 _aBosques
_xDaños por contaminación.
_914120
650 1 4 _aBosques
_xSecuestro de carbono.
_9132308
650 1 4 _aCarbono
_xEfecto en plantas.
_918831
650 1 4 _aSuelos
_xCarbón en.
_9110233
856 _aFinding aid
_uhttp://10.13.5.2/tesis/sist113227.pdf
_zTeclea aquí
901 _aBK
942 _cTESIS
942 _n0
999 _c109688
_d109688